| 000 | 01017nam a2200277Ia 4500 | ||
|---|---|---|---|
| 001 | Para_10301 | ||
| 003 | CHAP | ||
| 008 | 220125sAbri xx 000 0 und d | ||
| 010 | _a205307 | ||
| 040 | _cCHAP | ||
| 090 | _aPA CD - TESIS 331 | ||
| 100 |
_aGarcía Hernández, Norma Edith _9126887 |
||
| 245 |
_aCorrelación de los componentes de resistencia y rendimiento en variedades de trigo (triticum aestivum L.) al tizón foliar causado por Septoria tritici Rob. en Desm / _c Norma Edith García Hernández; Director ? |
||
| 260 |
_aChapingo, Méx. : _b el autor |
||
| 300 | _a1 CDS ROM ( p.) | ||
| 502 | _aTesis (Ing. Agr. Esp. en Parasitología Agrícola). UACh. Departamento Parasitología Agrícola | ||
| 700 |
_a. Director _9171332 |
||
| 710 |
_aUACh. Departamento Parasitología Agrícola _9164025 |
||
| 901 | _aPA CD - TESIS 331 | ||
| 902 | _aM | ||
| 905 | _a513220Abril, 2014 abnm8100000000 06 | ||
| 910 | _aAbri | ||
| 942 | _cPARA | ||
| 942 |
_cPARA _d2 |
||
| 999 |
_c205307 _d205307 |
||